[Event "ACUA Bling"]
[Site "Argentina"]
[Date "2019.12.??"]
[Round "3.3"]
[White "Frances, Carlos"]
[Black "Lopez, Jose Luis"]
[Result "0-1"]
[WhiteElo "1324"]
[BlackElo "1757"]
[PlyCount "34"]
[EventDate "2019.12.02"]
[EventType "tourn"]
[EventRounds "7"]
[EventCountry "ARG"]
[SourceTitle "EXT 2024"]
[Source "ChessBase"]
[SourceDate "2023.10.10"]
[SourceVersion "1"]
[SourceVersionDate "2023.10.10"]
[SourceQuality "1"]

1. c4 Nf6 2. Nc3 e6 3. d4 Bb4 4. Nf3 b6 5. e3 Bb7 6. Bd3 0-0 7. 0-0 c5 8. a3 Bxc3 9. bxc3 d6 10. Re1 Ne4 11. Qc2 f5 12. Bxe4 fxe4 13. Nd2 Qh4 14. Rf1 Nd7 15. f4 exf3 16. Nxf3 Bxf3 17. Rxf3 Qe1+ 0-1

[Event "Buenos Aires ProAm op 26th"]
[Site "Buenos Aires"]
[Date "2019.10.06"]
[Round "1"]
[White "Lopez, Jose Luis"]
[Black "Garcia Lemos, Federico"]
[Result "0-1"]
[WhiteElo "1760"]
[BlackElo "2221"]
[PlyCount "36"]
[EventDate "2019.10.06"]
[EventType "team-swiss"]
[EventRounds "8"]
[EventCountry "ARG"]
[SourceTitle "CBM 192 Extra"]
[Source "Chessbase"]
[SourceDate "2019.11.06"]
[SourceVersion "1"]
[SourceVersionDate "2019.11.06"]
[SourceQuality "1"]

1. e4 e5 2. Nf3 Nc6 3. Bc4 Nf6 4. d3 Be7 5. c3 0-0 6. 0-0 d5 7. exd5 Nxd5 8. Re1 Bg4 9. h3 Bh5 10. g4 Bg6 11. Nxe5 Nxe5 12. Rxe5 Nb6 13. Bb3 Kh8 14. Na3 Bd6 15. Re1 f5 16. g5 f4 17. Qf3 Qxg5+ 18. Kh2 Bh5 0-1

[Event "San Rafael Cup Blind"]
[Site "San Rafael"]
[Date "2019.09.20"]
[Round "1.1"]
[White "Morelli, Daniel"]
[Black "Lopez, Jose Luis"]
[Result "0-1"]
[WhiteElo "1727"]
[BlackElo "2139"]
[PlyCount "80"]
[EventDate "2019.09.20"]
[EventType "swiss"]
[EventRounds "5"]
[EventCountry "ARG"]
[SourceTitle "EXT 2024"]
[Source "ChessBase"]
[SourceDate "2023.10.10"]
[SourceVersion "1"]
[SourceVersionDate "2023.10.10"]
[SourceQuality "1"]

1. e4 e5 2. Nf3 Nc6 3. Nc3 Nf6 4. Bb5 Bb4 5. a3 Bxc3 6. dxc3 0-0 7. Bg5 h6 8. Bh4 Qe7 9. Qe2 a6 10. 0-0-0 axb5 11. g4 d6 12. Rhg1 Bxg4 13. Bxf6 Qxf6 14. Rxg4 Nd8 15. Rdg1 Ne6 16. Nh4 h5 17. Ng6 hxg4 18. Nxf8 Kxf8 19. Qxg4 Qxf2 20. h4 Qf4+ 21. Kb1 Qxg4 22. Rxg4 Ke7 23. h5 Rh8 24. Rh4 Nf4 25. Rg4 Kf6 26. b3 Rxh5 27. c4 bxc4 28. bxc4 g5 29. Kb2 Rh4 30. Rg1 Kg6 31. Kb3 g4 32. Kc3 Rh3+ 33. Kb4 g3 34. Kb5 g2 35. a4 Rh1 36. Rxg2+ Nxg2 37. a5 Rc1 38. a6 bxa6+ 39. Kxa6 Rxc2 40. Kb5 Ne3 0-1

[Event "Pan American IBCA-ch 7th"]
[Site "San Luis"]
[Date "2018.11.06"]
[Round "5.8"]
[White "Barrios Chamorro, Jesus Adrian"]
[Black "Lopez, Jose Luis"]
[Result "1-0"]
[WhiteElo "1514"]
[BlackElo "1803"]
[PlyCount "53"]
[EventDate "2018.11.04"]
[EventType "swiss"]
[EventRounds "7"]
[EventCountry "ARG"]
[SourceTitle "EXT 2024"]
[Source "ChessBase"]
[SourceDate "2023.10.10"]
[SourceVersion "1"]
[SourceVersionDate "2023.10.10"]
[SourceQuality "1"]

1. e4 d5 2. exd5 Qxd5 3. Nc3 Qa5 4. d4 Nf6 5. a3 c6 6. Bd3 Bg4 7. Nge2 e6 8. 0-0 Bd6 9. f3 Bh5 10. Ne4 Nxe4 11. fxe4 e5 12. c4 exd4 13. Rf5 Bxe2 14. Qxe2 Qc7 15. e5 Be7 16. e6 0-0 17. Rxf7 Rxf7 18. Bxh7+ Kxh7 19. Qh5+ Kg8 20. Qxf7+ Kh7 21. Bg5 Bd6 22. Qh5+ Kg8 23. Qe8+ Kh7 24. Rf1 d3 25. Rf3 Bxh2+ 26. Kh1 Bg3 27. Rf8 1-0

[Event "Pan American IBCA-ch 7th"]
[Site "San Luis"]
[Date "2018.11.04"]
[Round "1.7"]
[White "Cayo, Ana Carolina"]
[Black "Lopez, Jose Luis"]
[Result "0-1"]
[WhiteElo "1255"]
[BlackElo "1803"]
[PlyCount "39"]
[EventDate "2018.11.04"]
[EventType "swiss"]
[EventRounds "7"]
[EventCountry "ARG"]
[SourceTitle "EXT 2024"]
[Source "ChessBase"]
[SourceDate "2023.10.10"]
[SourceVersion "1"]
[SourceVersionDate "2023.10.10"]
[SourceQuality "1"]

1. d4 Nf6 2. Nf3 c5 3. c3 d5 4. Bf4 Nc6 5. e3 Qb6 6. Qd2 Bf5 7. c4 Ne4 8. Qc1 cxd4 9. cxd5 Qa5+ 10. Nbd2 dxe3 11. Bxe3 Qxd5 12. Bc4 Qa5 13. 0-0 e6 14. Nb3 Qc7 15. Rd1 Bd6 16. Nbd4 Nxd4 17. Nxd4 0-0 18. Nb5 Bxh2+ 19. Kf1 Qa5 20. Nd6 0-1

[Event "Villa Martelli ProAm op 23rd"]
[Site "Villa Martelli"]
[Date "2016.11.24"]
[Round "6"]
[White "Lopez, Jose Luis"]
[Black "Bourgeois, William"]
[Result "1/2-1/2"]
[WhiteElo "1804"]
[BlackElo "1850"]
[PlyCount "45"]
[EventDate "2016.11.20"]
[EventType "swiss"]
[EventRounds "9"]
[EventCountry "ARG"]
[SourceTitle "CBM 175 Extra"]
[Source "ChessBase"]
[SourceDate "2016.12.12"]
[SourceVersion "1"]
[SourceVersionDate "2016.12.12"]
[SourceQuality "1"]

1. e4 e5 2. Nf3 Nc6 3. Bb5 a6 4. Ba4 Nf6 5. 0-0 Be7 6. Re1 b5 7. Bb3 d6 8. c3 0-0 9. h3 Nb8 10. d4 Nbd7 11. a4 Rb8 12. axb5 axb5 13. Nbd2 Bb7 14. Bc2 Re8 15. Nf1 Bf8 16. Ng3 g6 17. Nh2 Bg7 18. b3 Ra8 19. Bb2 Rxa1 20. Qxa1 Qa8 21. Qxa8 Rxa8 22. Ra1 Rxa1+ 23. Bxa1 1/2-1/2

[Event "Villa Martelli ProAm op 23rd"]
[Site "Villa Martelli"]
[Date "2016.11.23"]
[Round "5"]
[White "Bacigalupo, Juan Pablo"]
[Black "Lopez, Jose Luis"]
[Result "0-1"]
[WhiteElo "1536"]
[BlackElo "1804"]
[PlyCount "108"]
[EventDate "2016.11.20"]
[EventType "swiss"]
[EventRounds "9"]
[EventCountry "ARG"]
[SourceTitle "CBM 175 Extra"]
[Source "ChessBase"]
[SourceDate "2016.12.12"]
[SourceVersion "1"]
[SourceVersionDate "2016.12.12"]
[SourceQuality "1"]

1. c4 g6 2. Nc3 Bg7 3. g3 d6 4. Nf3 Nf6 5. Bg2 0-0 6. 0-0 c5 7. Rb1 Nc6 8. a3 a5 9. e3 Bg4 10. Qe1 Qd7 11. e4 Bh3 12. d3 Bxg2 13. Kxg2 e6 14. Be3 Ng4 15. Nb5 Nxe3+ 16. Qxe3 b6 17. b3 f5 18. Qe2 fxe4 19. dxe4 Nd4 20. Nfxd4 cxd4 21. Qd3 d5 22. exd5 exd5 23. a4 Rf5 24. Rbd1 Rh5 25. h4 g5 26. Qf3 Rh6 27. Qxd5+ Qxd5+ 28. cxd5 gxh4 29. gxh4 Rd8 30. Nxd4 Rxd5 31. Nf3 Rg6+ 32. Kh3 Rgd6 33. Rxd5 Rxd5 34. Kg2 b5 35. axb5 Rxb5 36. Rb1 a4 37. Re1 axb3 38. Rb1 b2 39. Ne1 Ra5 40. Nd3 Ra3 41. Nxb2 Rb3 42. Kf1 Rxb2 43. Rxb2 Bxb2 44. Kg2 Kg7 45. f3 Kg6 46. Kg3 Kh5 47. f4 Bf6 48. f5 Bxh4+ 49. Kf4 Bg5+ 50. Ke5 Kg4 51. Ke4 h5 52. f6 Bxf6 53. Ke3 Kg3 54. Ke2 Kg2 0-1

[Event "Latin Cup-A 6th"]
[Site "Buenos Aires"]
[Date "2015.03.22"]
[Round "5"]
[White "Romanelli, Gabriel Adrian"]
[Black "Lopez, Jose Luis"]
[Result "1-0"]
[WhiteElo "2090"]
[BlackElo "1796"]
[PlyCount "47"]
[EventDate "2015.03.19"]
[EventType "swiss"]
[EventRounds "9"]
[EventCountry "ARG"]
[SourceTitle "CBM 165 Extra"]
[Source "ChessBase"]
[SourceDate "2015.04.21"]
[SourceVersion "1"]
[SourceVersionDate "2015.04.21"]
[SourceQuality "1"]

1. c4 g6 2. Nf3 Bg7 3. Nc3 d6 4. d4 Nf6 5. e4 0-0 6. Be2 e5 7. 0-0 Nc6 8. d5 Ne7 9. Ne1 Nd7 10. f3 f5 11. Be3 f4 12. Bf2 g5 13. Rc1 Ng6 14. c5 Nxc5 15. b4 Na6 16. Nb5 Bd7 17. Nxa7 Nxb4 18. Qb3 Na6 19. Qxb7 Nc5 20. Bxc5 dxc5 21. Rxc5 g4 22. Rxc7 Rf7 23. d6 Bf8 24. Bc4 1-0

[Event "Buenos Aires Duchamp op 1st"]
[Site "Buenos Aires"]
[Date "2011.09.18"]
[Round "6"]
[White "Martinez, Jose Enrique"]
[Black "Lopez, Jose Luis"]
[Result "1-0"]
[WhiteElo "1818"]
[BlackElo "1778"]
[PlyCount "25"]
[EventDate "2011.09.12"]
[EventType "swiss"]
[EventRounds "9"]
[EventCountry "ARG"]
[SourceTitle "EXT 2014"]
[Source "ChessBase"]
[SourceDate "2013.11.20"]
[SourceVersion "1"]
[SourceVersionDate "2013.11.20"]
[SourceQuality "1"]

1. c4 Nf6 2. d4 e6 3. Nc3 d5 4. Nf3 Be7 5. e3 b6 6. cxd5 exd5 7. h3 0-0 8. Bd3 Bb7 9. 0-0 c5 10. b3 Nc6 11. Bb2 cxd4 12. exd4 Nb4 13. Bb1 1-0

[Event "Buenos Aires Duchamp op 1st"]
[Site "Buenos Aires"]
[Date "2011.09.14"]
[Round "3"]
[White "Lopez, Jose Luis"]
[Black "Torella, Rodolfo"]
[Result "1/2-1/2"]
[WhiteElo "1778"]
[BlackElo "2022"]
[PlyCount "85"]
[EventDate "2011.09.12"]
[EventType "swiss"]
[EventRounds "9"]
[EventCountry "ARG"]
[SourceTitle "EXT 2014"]
[Source "ChessBase"]
[SourceDate "2013.11.20"]
[SourceVersion "1"]
[SourceVersionDate "2013.11.20"]
[SourceQuality "1"]

1. e4 c5 2. c3 d5 3. exd5 Qxd5 4. d4 cxd4 5. cxd4 Nc6 6. Nf3 Bg4 7. Be2 e6 8. Nc3 Qd7 9. 0-0 Nf6 10. Bf4 Be7 11. Qd2 Rd8 12. Rfd1 Bxf3 13. Bxf3 Nxd4 14. Qe3 Nxf3+ 15. gxf3 Qc6 16. Rxd8+ Bxd8 17. Qxa7 0-0 18. Qe3 Bb6 19. Qe2 h6 20. Rd1 Rc8 21. Rd6 Qc7 22. Nb5 Qc4 23. Qxc4 Rxc4 24. Rxb6 Rxf4 25. Rxb7 Rxf3 26. Nd6 Rd3 27. Nxf7 Nd5 28. a4 Nf4 29. h4 Rd2 30. a5 Rd1+ 31. Kh2 Ra1 32. b4 Nd5 33. Ne5 Ra4 34. h5 Rxb4 35. Rxb4 Nxb4 36. Kg3 Kf8 37. Nd7+ Ke7 38. Nc5 Nc6 39. Nb7 Kd7 40. Kf4 Kc7 41. Nc5 Kd6 42. Nb7+ Kc7 43. Nc5 1/2-1/2

[Event "Villa Martelli Pro Am op 17th"]
[Site "Villa Martelli"]
[Date "2010.10.11"]
[Round "1"]
[White "Lopez, Jose Luis"]
[Black "Tokman, Ariel"]
[Result "0-1"]
[WhiteElo "1807"]
[BlackElo "2202"]
[PlyCount "98"]
[EventDate "2010.10.10"]
[EventType "swiss"]
[EventRounds "9"]
[EventCountry "ARG"]
[SourceTitle "CBM 138 Extra"]
[Source "ChessBase"]
[SourceDate "2010.10.29"]
[SourceVersion "1"]
[SourceVersionDate "2010.10.29"]
[SourceQuality "1"]

1. e4 c5 2. Nf3 e6 3. c3 Nf6 4. e5 Nd5 5. d4 cxd4 6. cxd4 d6 7. Bc4 Nb6 8. Bb3 Nc6 9. 0-0 Bd7 10. Bf4 d5 11. Nc3 Na5 12. Bg5 Be7 13. Bxe7 Qxe7 14. Qe2 Nxb3 15. axb3 Qb4 16. Ra3 a6 17. Rc1 Rc8 18. Qd2 0-0 19. Ne1 f6 20. Nc2 Qe7 21. f4 Be8 22. Raa1 Bg6 23. Ne3 fxe5 24. fxe5 Qb4 25. Ne4 Qxd2 26. Nxd2 Bh5 27. b4 Be2 28. Nb3 Rxc1+ 29. Rxc1 Rf4 30. Nc5 Kf7 31. Rc2 Bb5 32. Rf2 Rxf2 33. Kxf2 Bc6 34. b3 Na8 35. g3 Nc7 36. Nc2 Ke7 37. Ke3 Nb5 38. Kd3 Nc7 39. Ke3 Kd8 40. Na3 Kc8 41. Kd3 b6 42. Na4 Kb7 43. Nc3 Be8 44. Ne2 Nb5 45. Nxb5 Bxb5+ 46. Kd2 Bxe2 47. Kxe2 Kc6 48. Kd3 Kb5 49. Kc3 g6 0-1